| 000 | 00594nam a2200181 i 4500 | ||
|---|---|---|---|
| 001 | 100828 | ||
| 003 | ES-MaACL | ||
| 005 | 20230906182747.0 | ||
| 007 | t| | ||
| 008 | 051006s1982 sp ||||1| spa d | ||
| 100 | 1 |
_aMatilla, Valentín. _979075 |
|
| 245 | 1 | 0 |
_aGalería de presidentes de la Real Academia Nacional de Medicina / _cValentín Matilla. |
| 260 |
_aMadrid : _bInstituto de España, _c1982. |
||
| 300 |
_a264 p. : _bil. ; _c24 cm. |
||
| 710 | 1 |
_aInstituto de España. _94873 |
|
| 710 | 1 |
_aReal Academia Nacional de Medicina (España) _96344 |
|
| 852 |
_aES-MaACL _jL-2215 _bR.102848 |
||
| 999 |
_c100828 _d100828 |
||